Disney Films that Grossed a Billion Dollars - Statistics

General Stats
  • This quiz has been taken 14 times
  • The average score is 15 of 32
Answer Stats
Gross Year Film % Correct
$1.28B 2013 Frozen
86%
$1.45B 2019 Frozen II
86%
$1.05B 2024 Moana 2
71%
$1.06B 2010 Toy Story 3
71%
$1.07B 2019 Toy Story 4
71%
$1.66B 2019 The Lion King
64%
$1.40B 2015 Avengers: Age of Ultron
57%
$2.79B 2019 Avengers: Endgame
57%
$2.05B 2018 Avengers: Infinity War
57%
$1.69B 2024 Inside Out 2
57%
$1.02B 2016 Zootopia
57%
$1.86B 2025 Zootopia 2
57%
$1.26B 2017 Beauty and the Beast
50%
$1.21B 2013 Iron Man 3
50%
$1.52B 2012 The Avengers
50%
$1.34B 2018 Black Panther
43%
$1.15B 2016 Captain America: Civil War
43%
$1.05B 2016 Rogue One: A Star Wars Story
43%
$2.07B 2015 Star Wars: The Force Awakens
43%
$1.33B 2017 Star Wars: The Last Jedi
43%
$1.07B 2019 Star Wars: The Rise of Skywalker
43%
$1.48B 2025 Avatar: Fire & Ash
36%
$2.33B 2022 Avatar: The Way of Water
36%
$1.02B 2016 Finding Dory
36%
$1.24B 2018 Incredibles 2
36%
$1.05B 2019 Aladdin
29%
$1.13B 2019 Captain Marvel
29%
$1.03B 2025 Lilo & Stitch
29%
$1.06B 2006 Pirates of the Caribbean: Dead Man’s Chest
29%
$1.04B 2011 Pirates of the Caribbean: On Stranger Tides
29%
$1.02B 2010 Alice in Wonderland
21%
$1.33B 2024 Deadpool & Wolverine
21%
No matching quizzes found
Score Distribution
Percent of People with Each Score
Percentile by Number Answered
Your Score History
You have not taken this quiz